000 00804nam a22002657a 4500
001 28939
003 UA-OsUOA
005 20260128125121.0
007 ta
008 20050517b un ||||| |||| 00| 0 ukr d
020 _a9667615545
040 _aUA-OsUOA
_bukr
_cUA-OsUOA
_dUA-OsUOA
041 _aukr
044 _aUA
080 _a821.161.2
090 _a821.161.2
_bД55
245 _aДо першоджерел! Українське розстріляне відродження
_cупоряд. В. В. Яременко
_bзбірка
246 _aAd fontes!
260 _aК.
_bМолодь
_c2004
300 _a400 с.
650 7 _2UDC
_a821.161.2 Українська література
_941
700 1 _aЯременко В. В.
_eупоряд.
_93494
942 _cBK
_2udc
955 _a3
999 _c315315
_d315315